| 000 | 00821cab a2200241 4500 | ||
|---|---|---|---|
| 001 | WB3515-14 | ||
| 008 | 090401t1999 xxu||||| |||| 00| 0 eng d | ||
| 035 | _a(Sirsi) u92887 | ||
| 041 | _aeng | ||
| 245 | _aWho pays the price of an empty property? | ||
| 260 | _c1999 | ||
| 350 | _a0 | ||
| 490 |
_aTimes _v21 April 1999, 38(1) |
||
| 520 | _aThe Empty Homes Agency are beginning a National Week of Action to draw attention to the problems suffered by people living near empty homes. Vacant properties can be a target for vandalism, arson, theft and drug abuse, and can reduce the value of the surrounding houses. | ||
| 650 | _aCRIME | ||
| 650 | _aEMPTY HOMES AGENCY | ||
| 650 | _aEMPTY HOUSES | ||
| 650 | _aVACANT PROPERTY | ||
| 650 | _aVANDALISM | ||
| 690 | _aHOUSING | ||
| 942 | _n0 | ||
| 948 | _c21/04/1999 | ||
| 999 |
_c58877 _d58877 |
||